LEADER 00975nam0 22003013i 450 001 996267850003316 005 20180903121947.0 010 $a978-88-238-4526-8 020 $aIT$b2016-9163 100 $a20161102d2016----||||0itac50 ba 101 $aita 102 $aIT 200 1 $a<> caso Uber$ela sharing economy nel confronto tra common law e civil law$fEdmondo Mostacci, Alessandro Somma 210 $aMilano$cEgea$d2016 215 $aX, 227 p.$d24 cm 225 $aCollana di diritto dell'economia$v19 410 0$aCollana di diritto dell'economia$v19 606 0 $aTrasporti urbani$xRegolamentazione$xDiritto comparato$xCasi [:] Uber $2BNCF 676 $a343.0982 700 1$aMOSTACCI,$bEdmondo$0437672 701 1$aSOMMA,$bAlessandro$0263121 801 0$aIT$bsalbc$gISBD 912 $a996267850003316 951 $aXXIX.2.D. 97$b22639 E.C.$cXXIX.2.D.$d416421 959 $aBK 969 $aGIU 996 $aCaso Uber$91505350 997 $aUNISA LEADER 01304nam0 22002651i 450 001 RML0235141 005 20231121125701.0 100 $a20121121d1996 ||||0itac50 ba 101 | $aita 102 $ait 181 1$6z01$ai $bxxxe 182 1$6z01$an 200 1 $aGuida pratica ai finanziamenti agevolati per le imprese$eTutti gli incentivi nazionali e regionali. Industria,artigianato, commercio,turismo,agriturismo Ricerca,innovazione tecnologica,qualità Imprenditoria giovanile e femminile Incentivi per l'occupazione Beneficiari,modalità di erogazione,fondi a disposizione Il business plan$fEnnio Manzi e Gianluca Manzi$gprefazione di Massimo Baravelli 210 $aMilano $cIl Sole 24 Ore $d1996 215 $axlviii,751 p.$ctab. tav.+ 1 floppy disk$d24 cm. 700 1$aMANZI$b, Ennio$3RMLV149860$089446 701 1$aMANZI$b, Gianluca$3RMLV149859$089700 801 3$aIT$bIT-01$c20121121 850 $aIT-FR0098 899 $aBiblioteca Area Giuridico Economica$bFR0098 912 $aRML0235141 950 0$aBiblioteca Area Giuridico Economica$d 53IMP 658.1/64$e 53VM 0000036225 VM barcode:0003077VM$fA $h19970117$i20121204 977 $a 53 996 $aGuida pratica ai finanziamenti agevolati per le imprese$9443502 997 $aUNICAS